Available copies
- 1 of 1 copy available at LARL/NWRL Consortium.
- 1 of 1 copy available at Northwest Regional Library. (Show preferred library)
Current holds
0 current holds with 1 total copy.
Show Only Available Copies
| Location | Call Number / Copy Notes | Barcode | Shelving Location | Status | Due Date |
|---|---|---|---|---|---|
| Roseau Public Library | ya KRI (Text) | 35500006302689 | Main | Available | - |
Record details
- ISBN: 9781524714000
- ISBN: 1524714003
- ISBN: 9781524714017
- ISBN: 1524714011
- Physical Description: 453 pages : maps ; 22 cm.
- Edition: First edition.
- Publisher: New York, NY : Alfred A. Knopf, [2020]
Content descriptions
| Summary, etc.: | Best friends have become enemies. Lovers have ... Read More |
Search for related items by subject
| Subject: | Friendship > Fiction. Robots > Fiction. Imaginary wars and battles > Fiction. Betrayal > Fiction. |
| Genre: | Science fiction. Dystopian fiction. |
Search for related items by series
| LDR | 01992cam a2200397 i 4500 | ||
|---|---|---|---|
| 001 | 350816 | ||
| 003 | LARL_NWRL_CONSORTIUM | ||
| 005 | 20200904140807.0 | ||
| 008 | 200501s2020 nyub d 000 1 eng d | ||
| 020 | . | ‡a9781524714000 ‡q(hardcover) | |
| 020 | . | ‡a1524714003 ‡q(hardcover) | |
| 020 | . | ‡a9781524714017 ‡q(lib. bdg.) | |
| 020 | . | ‡a1524714011 ‡q(lib. bdg.) | |
| 035 | . | ‡a(OCoLC)1156339487 | |
| 040 | . | ‡aTOH ‡beng ‡cTOH ‡dATIOC ‡dNTG ‡dDAD | |
| 100 | 1 | . | ‡aKristoff, Jay, ‡eauthor. ‡0(LARL_NWRL_CONSORTIUM)221269 |
| 245 | 1 | 0. | ‡aTruel1f3 / ‡cJay Kristoff. |
| 246 | 3 | . | ‡aTruelife. |
| 246 | 3 | . | ‡aTrue life. |
| 250 | . | ‡aFirst edition. | |
| 264 | 1. | ‡aNew York, NY : ‡bAlfred A. Knopf, ‡c[2020] | |
| 300 | . | ‡a453 pages : ‡bmaps ; ‡c22 cm. | |
| 336 | . | ‡atext ‡btxt ‡2rdacontent. | |
| 337 | . | ‡aunmediated ‡bn ‡2rdamedia. | |
| 338 | . | ‡avolume ‡bnc ‡2rdacarrier. | |
| 490 | 0 | . | ‡aLifel1k3 ; ‡v3 |
| 520 | . | ‡aBest friends have become enemies. Lovers have become strangers. And deciding whose side you're on could be the difference between life and death. For Eve and Lemon, discovering the truth about themselves--and each other--was too much for their friendship to take. But with the country on the brink of a new world war--this time between the BioMaas swarm at CityHive and Daedalus's army at Megopolis, loyalties will be pushed to the brink, unlikely alliances will form and with them, betrayals. But the threat doesn't stop there, because the lifelikes are determined to access the program that will set every robot free, a task requiring both Eve and Ana, the girl she was created to replace. In the end, violent clashes and heartbreaking choices reveal the true heroes . . . and they may not be who you think they are. | |
| 650 | 0. | ‡aFriendship ‡vFiction. ‡0(LARL_NWRL_CONSORTIUM)164944 | |
| 650 | 0. | ‡aRobots ‡vFiction. ‡0(LARL_NWRL_CONSORTIUM)167147 | |
| 650 | 0. | ‡aImaginary wars and battles ‡vFiction. ‡0(LARL_NWRL_CONSORTIUM)165215 | |
| 650 | 0. | ‡aBetrayal ‡vFiction. ‡0(LARL_NWRL_CONSORTIUM)163690 | |
| 655 | 7. | ‡aScience fiction. ‡2lcgft. | |
| 655 | 7. | ‡aDystopian fiction. ‡2lcgft. | |
| 901 | . | ‡a350816 ‡b ‡c350816 ‡tbiblio | |

Add to basket
Permalink
Disable Highlighting